000 00321nam a2200121Ia 4500
008 240731s9999 xx 000 0 und d
022 _a1559-9620
245 0 _aInternational Journal of Optomechatronics
260 _bTaylor & Francis
856 _uhttps://www.tandfonline.com/loi/uopt20
942 _2ddc
942 _cTFEJ
999 _c77183
_d77183
945 _a1
_bMadushi Gamage
_c1
_dMadushi Gamage